[Event "GER-ch Rapid 49th"]
[Site "Dinkelsbuehl"]
[Date "2023.11.11"]
[Round "3"]
[White "Khachatryan, Taron"]
[Black "Ochs, Daniel Elias"]
[Result "1-0"]
[WhiteElo "2154"]
[BlackElo "2272"]
[PlyCount "69"]
[EventDate "2023.11.11"]
[EventType "swiss (rapid)"]
[EventRounds "9"]
[EventCountry "GER"]
[SourceTitle "CB46_2023"]
[SourceDate "2023.11.15"]
[SourceVersion "1"]
[SourceVersionDate "2023.11.15"]
[SourceQuality "1"]

1. Nf3 f5 2. d4 e6 3. g3 Nf6 4. Bg2 d5 5. 0-0 c6 6. Bf4 Be7 7. Nbd2 0-0 8. h4 Nh5 9. e3 Qe8 10. c4 Nd7 11. Ng5 Ndf6 12. a3 h6 13. Nh3 a5 14. Bf3 Kh7 15. Kg2 Ng4 16. Rh1 Nhf6 17. Be2 Kg8 18. f3 Nh5 19. fxg4 fxg4 20. Bxg4 Nxf4+ 21. Nxf4 e5 22. dxe5 Bc5 23. Bxc8 Rxc8 24. Qg4 Bxe3 25. Nf3 Kh7 26. Rae1 Bxf4 27. gxf4 dxc4 28. Rd1 Rc7 29. Kg3 Kg8 30. Rd4 Rcf7 31. Rhd1 Qa8 32. h5 c5 33. Rd7 b5 34. e6 Rxd7 35. Rxd7 1-0

[Event "GER-ch Net blitz qual1"]
[Site "Playchess.com INT"]
[Date "2021.04.24"]
[Round "3"]
[White "Khachatryan, Taron"]
[Black "Svane, Rasmus"]
[Result "0-1"]
[WhiteElo "2070"]
[BlackElo "2499"]
[PlyCount "46"]
[EventDate "2021.04.24"]
[EventType "swiss (blitz)"]
[EventRounds "11"]
[EventCountry "GER"]
[SourceTitle "CBM 202 Extra"]
[Source "ChessBase"]
[SourceDate "2021.07.31"]
[SourceVersion "1"]
[SourceVersionDate "2021.07.31"]
[SourceQuality "1"]

1. Nf3 d5 2. g3 e6 3. Bg2 Nf6 4. 0-0 Be7 5. d3 0-0 6. Nbd2 Nc6 7. e4 dxe4 8. dxe4 e5 9. c3 a5 10. a4 Bc5 11. Qc2 Qe7 12. Nc4 Rd8 13. Bg5 h6 14. Bxf6 Qxf6 15. Ne3 Bxe3 16. fxe3 Qe7 17. Nh4 Be6 18. Nf5 Qc5 19. Qf2 Rd7 20. g4 Rad8 21. Rfe1 Qb6 22. Re2 Bc4 23. Rc2 Rd1+ 0-1

[Event "GER-ch Net blitz qual1"]
[Site "Playchess.com INT"]
[Date "2021.04.24"]
[Round "7"]
[White "Riegel, Frank"]
[Black "Khachatryan, Taron"]
[Result "0-1"]
[WhiteElo "1831"]
[BlackElo "2070"]
[PlyCount "102"]
[EventDate "2021.04.24"]
[EventType "swiss (blitz)"]
[EventRounds "11"]
[EventCountry "GER"]
[SourceTitle "CBM 202 Extra"]
[Source "ChessBase"]
[SourceDate "2021.07.31"]
[SourceVersion "1"]
[SourceVersionDate "2021.07.31"]
[SourceQuality "1"]

1. e4 c5 2. Nc3 e6 3. g3 Nc6 4. Bg2 Nge7 5. d3 g6 6. f4 d6 7. Nf3 Bg7 8. 0-0 0-0 9. Rb1 Rb8 10. Ne2 b5 11. c3 b4 12. Be3 bxc3 13. bxc3 Rxb1 14. Qxb1 Qa5 15. Qc2 Ba6 16. Rb1 Rb8 17. Rxb8+ Nxb8 18. Nd2 Nec6 19. Kf2 h5 20. Nc1 Qxc3 21. Qxc3 Bxc3 22. Ndb3 Kf8 23. e5 c4 24. dxc4 dxe5 25. Nc5 Bxc4 26. Bxc6 Nxc6 27. Nd7+ Ke7 28. Nxe5 Nxe5 29. fxe5 a5 30. Bc5+ Kd7 31. Bd6 a4 32. Ke3 f6 33. Nd3 Bxd3 34. Kxd3 Bxe5 35. Bc5 Kc6 36. Be3 Kb5 37. Bd2 Bd6 38. Bc3 f5 39. Kd4 Kc6 40. Kc4 e5 41. Bb2 e4 42. Bd4 Kd7 43. Kd5 Bc7 44. Bc5 Bd8 45. Ke5 Kc6 46. Ba3 Kb5 47. Kf4 Kc4 48. Bb2 Kd3 49. Be5 e3 50. Kf3 e2 51. Kf2 Ba5 0-1

[Event "GER-chT Online Liga 1 GpC"]
[Site "Playchess.com INT"]
[Date "2021.03.18"]
[Round "6.1"]
[White "Khachatryan, Taron"]
[Black "Holtel, Jasper"]
[Result "1/2-1/2"]
[WhiteElo "2056"]
[BlackElo "2305"]
[PlyCount "120"]
[EventDate "2021.01.21"]
[EventType "team-tourn (rapid)"]
[EventRounds "7"]
[EventCountry "GER"]
[SourceTitle "EXT 2022"]
[Source "ChessBase"]
[SourceDate "2021.10.06"]
[SourceVersion "1"]
[SourceVersionDate "2021.10.06"]
[SourceQuality "1"]
[WhiteTeam "Harksheide"]
[BlackTeam "Muenster"]
[WhiteTeamCountry "GER"]
[BlackTeamCountry "GER"]

1. e4 Nf6 2. e5 Nd5 3. d4 d6 4. c4 Nb6 5. Nf3 g6 6. exd6 cxd6 7. Nc3 Bg7 8. Be3 0-0 9. Be2 Nc6 10. 0-0 Bg4 11. b3 d5 12. c5 Nc8 13. Rb1 e6 14. b4 a6 15. a4 N8e7 16. b5 axb5 17. axb5 Na5 18. Nd2 Bxe2 19. Qxe2 Nf5 20. Qd3 e5 21. Ne2 Qh4 22. dxe5 Nc4 23. g3 Qe7 24. Bd4 Nxe5 25. Bxe5 Qxe5 26. Nf4 Rfd8 27. Rfd1 Rac8 28. Nb3 d4 29. Na5 Qc7 30. b6 Qd7 31. Qb5 Ne7 32. Qxd7 Rxd7 33. Nb3 Nc6 34. Kg2 Re8 35. Nd3 Bf6 36. Nd2 Kg7 37. Nc4 Red8 38. Rb5 Rd5 39. Nf4 R5d7 40. Nd3 Rd5 41. Na5 Nxa5 42. Rxa5 Be7 43. Rc1 h5 44. h4 Bf8 45. Ra7 Rb8 46. Kf3 Kf6 47. c6 bxc6 48. Rxc6+ Kg7 49. Ke4 Rf5 50. Ne5 Rxf2 51. Rxg6+ Kh7 52. Rg5 Rxb6 53. Rxh5+ Kg8 54. Rg5+ Bg7 55. Ra8+ Kh7 56. Rh5+ Rh6 57. Rxh6+ Bxh6 58. Ra7 Kg8 59. Rd7 Bg7 60. Nc6 Re2+ 1/2-1/2

[Event "Krakow op-B 31st"]
[Site "Krakow"]
[Date "2020.12.27"]
[Round "1"]
[White "Ociepka, Tomasz"]
[Black "Khachatryan, Taron"]
[Result "1-0"]
[WhiteElo "1857"]
[BlackElo "2056"]
[PlyCount "129"]
[EventDate "2020.12.27"]
[EventType "swiss"]
[EventRounds "9"]
[EventCountry "POL"]
[SourceTitle "CBM 200 Extra"]
[Source "ChessBase"]
[SourceDate "2021.03.31"]
[SourceVersion "1"]
[SourceVersionDate "2021.03.31"]
[SourceQuality "1"]

1. e4 e5 2. Nf3 Nc6 3. Bb5 a6 4. Ba4 Nf6 5. 0-0 b5 6. Bb3 Be7 7. Re1 d6 8. a4 b4 9. c3 a5 10. d4 Bg4 11. d5 Nb8 12. Nbd2 Nbd7 13. Nf1 0-0 14. Ng3 Nc5 15. Bc2 Nh5 16. h3 Bxf3 17. Qxf3 Nxg3 18. Qxg3 Rb8 19. b3 Bh4 20. Qf3 Bg5 21. cxb4 axb4 22. Bb2 g6 23. Qe2 Qc8 24. a5 Qa6 25. Qxa6 Nxa6 26. Bd3 Nc5 27. Bc4 Ra8 28. a6 Ra7 29. Ra5 f6 30. f3 Rb8 31. Kf2 Kf8 32. Rea1 Ke7 33. Rb5 Rxb5 34. Bxb5 Nxb3 35. Ra4 Bd2 36. Ke2 Bc3 37. Bxc3 bxc3 38. Bd3 f5 39. exf5 Nd4+ 40. Kd1 Nxf5 41. Bxf5 gxf5 42. Kc2 Kd7 43. Kxc3 c6 44. Kc4 Kc7 45. g4 fxg4 46. fxg4 Kb6 47. g5 c5 48. h4 e4 49. h5 e3 50. Kd3 Re7 51. Ke2 Ka7 52. g6 hxg6 53. hxg6 Rg7 54. Rg4 Kxa6 55. Kxe3 Kb5 56. Ke4 c4 57. Kf5 c3 58. Kf6 c2 59. Rg1 Rc7 60. Rc1 Rc3 61. g7 Rf3+ 62. Ke6 Rg3 63. Rxc2 Rxg7 64. Kxd6 Rg6+ 65. Ke7 1-0

[Event "GER-ch U16"]
[Site "Willingen"]
[Date "2020.10.22"]
[Round "4"]
[White "Mueller, Magnus"]
[Black "Khachatryan, Taron"]
[Result "1-0"]
[WhiteElo "2030"]
[BlackElo "2136"]
[PlyCount "89"]
[EventDate "2020.10.19"]
[EventType "swiss"]
[EventRounds "7"]
[EventCountry "GER"]
[SourceTitle "EXT 2022"]
[Source "ChessBase"]
[SourceDate "2021.10.06"]
[SourceVersion "1"]
[SourceVersionDate "2021.10.06"]
[SourceQuality "1"]

1. e4 c5 2. Nf3 d6 3. d4 cxd4 4. Nxd4 Nf6 5. f3 e6 6. c4 Nc6 7. Nc3 a6 8. Be3 Be7 9. Be2 Qc7 10. 0-0 0-0 11. Rc1 Nxd4 12. Bxd4 h6 13. Qd2 b6 14. b4 Rd8 15. Kh1 Bd7 16. Rfd1 Be8 17. Qe1 Qb7 18. Qf2 b5 19. c5 dxc5 20. Bxc5 Rac8 21. Rxd8 Rxd8 22. Rd1 Rc8 23. e5 Bxc5 24. bxc5 Nd7 25. Ne4 Qc7 26. f4 Nxc5 27. Nd6 Na4 28. Nxc8 Qxc8 29. Bf3 b4 30. Qd4 Bb5 31. Qxb4 Qc5 32. Qxc5 Nxc5 33. Rd8+ Kh7 34. Kg1 g6 35. Kf2 Nd3+ 36. Ke3 Nb4 37. Rd2 g5 38. g3 gxf4+ 39. gxf4 Ba4 40. Be4+ Kg7 41. a3 Nc6 42. Rd6 Na5 43. Rxa6 Nc4+ 44. Kd4 Bb5 45. Ra7 1-0

[Event "GER-ch U16"]
[Site "Willingen"]
[Date "2020.10.20"]
[Round "1"]
[White "Khachatryan, Taron"]
[Black "Fromm, Marius"]
[Result "1/2-1/2"]
[WhiteElo "2136"]
[BlackElo "2190"]
[PlyCount "75"]
[EventDate "2020.10.19"]
[EventType "swiss"]
[EventRounds "7"]
[EventCountry "GER"]
[SourceTitle "EXT 2022"]
[Source "ChessBase"]
[SourceDate "2021.10.06"]
[SourceVersion "1"]
[SourceVersionDate "2021.10.06"]
[SourceQuality "1"]

1. Nf3 c5 2. c4 Nc6 3. Nc3 Nf6 4. e3 e6 5. d4 d5 6. a3 a6 7. dxc5 Bxc5 8. b4 Ba7 9. Bb2 0-0 10. cxd5 exd5 11. Be2 Be6 12. 0-0 Qe7 13. b5 Na5 14. a4 Rfd8 15. Nd4 Nc4 16. Bxc4 dxc4 17. bxa6 Bxd4 18. exd4 Rxa6 19. Qf3 Bd5 20. Qf4 Re6 21. f3 Bc6 22. Ba3 Qd7 23. Bc5 Rde8 24. Qd2 Nd5 25. Nxd5 Bxd5 26. a5 Re2 27. Qf4 c3 28. Bb4 Qc6 29. Qd6 Qc4 30. Qc5 c2 31. Qxc4 Bxc4 32. Rfc1 f6 33. Ra3 Kf7 34. h3 Bd5 35. Kf1 Bc4 36. Kg1 Bd5 37. Kf1 Bc4 38. Kg1 1/2-1/2

[Event "DSOL 01 Liga Gr-C 1st"]
[Site "Playchess.com INT"]
[Date "2020.07.09"]
[Round "3.4"]
[White "Woestmann, Hans Joachim"]
[Black "Khachatryan, Taron"]
[Result "0-1"]
[WhiteElo "2059"]
[BlackElo "2064"]
[PlyCount "60"]
[EventDate "2020.06.22"]
[EventType "team-tourn (rapid)"]
[EventCountry "GER"]
[SourceTitle "EXT 2021"]
[Source "ChessBase"]
[SourceDate "2020.10.23"]
[SourceVersion "1"]
[SourceVersionDate "2020.10.23"]
[SourceQuality "1"]
[WhiteTeam "Osnabrueck SV"]
[BlackTeam "Norderstedt II"]
[WhiteTeamCountry "GER"]
[BlackTeamCountry "GER"]

1. Nf3 Nf6 2. c4 e6 3. Nc3 Bb4 4. Qc2 0-0 5. a3 Bxc3 6. Qxc3 a5 7. b3 d6 8. d4 b6 9. e3 Bb7 10. Be2 Ne4 11. Qc2 f5 12. Bb2 Nd7 13. 0-0 Qe8 14. Nd2 Qg6 15. f3 Nef6 16. Bd3 c5 17. Rae1 cxd4 18. exd4 Nh5 19. Rf2 Nf4 20. Kh1 e5 21. d5 Rae8 22. Bf1 b5 23. g3 Nh5 24. Bd3 Nc5 25. Nf1 b4 26. Ne3 Bc8 27. axb4 axb4 28. Bf1 f4 29. Qxg6 hxg6 30. gxf4 Nxf4 0-1